World Landmarks Tile Quiz - Statistics

General Stats
  • This quiz has been taken 14 times
  • The average score is 34 of 45
Answer Stats
Question Tile Select % Correct
Which of these landmarks are in India? No
100%
Which of these landmarks are in India? No
100%
Which of these landmarks are in China? No
100%
Which of these landmarks are in China? No
100%
Which of these landmarks are in China? Yes
100%
Which of these landmarks are in Italy? No
100%
Which of these landmarks are in Italy? No
100%
Which of these landmarks are in the United Kingdom? Yes
100%
Which of these landmarks are in the United Kingdom? No
100%
Which of these landmarks are in the United Kingdom? No
100%
Which of these landmarks are in the United States? No
100%
Which of these landmarks are in India? No
91%
Which of these landmarks are in China? No
91%
Which of these landmarks are in Italy? Yes
91%
Which of these landmarks are in Italy? No
91%
Which of these landmarks are in the United Kingdom? Yes
91%
Which of these landmarks are in the United Kingdom? No
91%
Which of these landmarks are in the United States? Yes
91%
Which of these landmarks are in the United States? Yes
91%
Which of these landmarks are in the United States? No
91%
Which of these landmarks are in China? Yes
82%
Which of these landmarks are in China? No
82%
Which of these landmarks are in Italy? Yes
82%
Which of these landmarks are in the United Kingdom? Yes
82%
Which of these landmarks are in the United Kingdom? No
82%
Which of these landmarks are in India? No
73%
Which of these landmarks are in the United Kingdom? No
73%
Which of these landmarks are in India? No
64%
Which of these landmarks are in India? Yes
64%
Which of these landmarks are in Italy? No
64%
Which of these landmarks are in Italy? Yes
64%
Which of these landmarks are in Italy? No
64%
Which of these landmarks are in the United Kingdom? Yes
64%
Which of these landmarks are in the United States? Yes
64%
Which of these landmarks are in the United States? Yes
55%
Which of these landmarks are in the United States? No
55%
Which of these landmarks are in India? Yes
45%
Which of these landmarks are in China? No
45%
Which of these landmarks are in the United States? No
45%
Which of these landmarks are in the United States? No
45%
Which of these landmarks are in India? Yes
36%
Which of these landmarks are in China? Yes
36%
Which of these landmarks are in India? Yes
27%
Which of these landmarks are in China? Yes
27%
Which of these landmarks are in Italy? Yes
27%
No matching quizzes found
Score Distribution
Percent of People with Each Score
Percentile by Number Answered
Your Score History
You have not taken this quiz